Loading...
Other | 0 | 3 | 0 | 1 | 30 | 98 | 105.67 | 0 | 3 |
Religion | 0 | 2 | 1 | 0 | 15 | 104 | 114.00 | 0 | 2 |
Fine Arts - Painting & Sculpture | 0 | 1 | 0 | 0 | 10 | 132 | 132.00 | 0 | 0 |
History - American History | 0 | 1 | 0 | 0 | 10 | 94 | 94.00 | 0 | 1 |
Science - Chemistry | 0 | 1 | 0 | 0 | 10 | 115 | 115.00 | 0 | 0 |
History - World History | 0 | 1 | 0 | 0 | 10 | 121 | 121.00 | 0 | 1 |
Literature - British Literature | 0 | 1 | 0 | 1 | 10 | 146 | 146.00 | 0 | 1 |
Social Science | 0 | 0 | 0 | 0 | 0 | 0.00 | 0 | 0 | |
History - European History | 0 | 0 | 0 | 0 | 0 | 0.00 | 0 | 0 | |
Fine Arts - Other Fine Arts | 0 | 0 | 1 | 0 | -5 | 0.00 | 0 | 0 | |
Science - Physics | 0 | 0 | 1 | 0 | -5 | 0.00 | 0 | 0 | |
Fine Arts - Classical Music | 0 | 0 | 2 | 0 | -10 | 0.00 | 0 | 0 |